000 00582cab a2200205 4500
001 ABS42229
008 090401t xxu||||| |||| 00| 0 eng d
035 _a(Sirsi) u35512
041 _aeng
100 _aJohnson, T.
245 _aWinning planning appeals
350 _a0
490 _aPlanner
_v76(7) 79-83(5)
520 _aLooks in detail at how to win planning appeals ; what factors need to be considered and how they should be applied.
650 _aAPPEAL PROCEDURE
650 _aSTATISTICS
690 _aPLANNING LAW AND PRACTICE
942 _n0
948 _c04/03/1997
999 _c23243
_d23243